| 000 | 00467nam a2200169Ia 4500 | ||
|---|---|---|---|
| 005 | 20250423094753.0 | ||
| 008 | 250422s9999 xx 000 0 und d | ||
| 020 | _a0443066914 | ||
| 050 | _aRG 101 .C677/ | ||
| 245 | 0 | _aClinical gynecology | |
| 260 | _aPhiladelphia | ||
| 260 | _bChurchill Livingstone | ||
| 260 | _c2006 | ||
| 300 | _a1003 p | ||
| 650 | _a. Gynecology. Clinical medicine. Generative organs, Female_Diseases. Gynecology - Methods. | ||
| 942 | _cBK | ||
| 999 |
_c28242 _d28242 |
||